Estudio de la aplicación reciente de la técnica OPGW en Costa Rica
Guardado en:
| Autor principal: | |
|---|---|
| Formato: | Libro |
| Publicado: |
2006
[San José, Costa Rica]
|
| Materias: | |
| Etiquetas: |
Agregar Etiqueta
Sin Etiquetas, Sea el primero en etiquetar este registro!
|
MARC
| LEADER | 00000nam a2200000Ia 4500 | ||
|---|---|---|---|
| 003 | 009683 | ||
| 005 | 20221231144124.0 | ||
| 008 | 140114s2006 cr a m 000 ||s d | ||
| 040 | |c cru CEDI | ||
| 090 | |a TFG 5213 | ||
| 100 | |a Sanabria Guerrero, Eduardo Enrique |9 5681 | ||
| 245 | |a Estudio de la aplicación reciente de la técnica OPGW en Costa Rica | ||
| 260 | |c [San José, Costa Rica] |a 2006 | ||
| 300 | |a xii, 167, [43] hojas : ilustraciones (algunas a color), mapas color | ||
| 500 | |a Proyecto de graduación (magíster en ingeniería eléctrica con mención en comunicaciones digitales)--Universidad de Costa Rica. Facultad de Ingeniería. Escuela de Ingeniería Eléctrica | ||
| 650 | |x CABLES DE TELECOMUNICACION |x FIBRA OPTICA |x SISTEMAS DE COMUNICACION |x TELECOMUNICACIONES |9 5682 | ||
| 942 | |c TFG | ||
| 999 | |c 17211 |d 17211 | ||
